000 00270nam a22001097a 4500
008 170116b xxu||||| |||| 00| 0 eng d
020 _a9780721693347
041 _aeng
080 _a618.2
245 _aINTRODUCTION TO MATERNITY&PEDIATRIC NURSING
_cLEIFER
942 _2udc
_cBK
999 _c2930
_d2930